• 首页
  • 本馆介绍
  • 公告通知
  • 最新文献
  • 馆藏检索
  • 电子资源
  • 读者导购
  • 参考咨询
  • 我的图书馆
  • 登录
  • 详细信息显示
  • 放入我的书架
  • 预约/预借图书
  • 作者相关作品
  • 分类相关作品
  • 丛书相关作品
  • 出版社相关作品

书目信息

  • 表格格式
  • 工作单格式
  • 卡片格式
题名:
葫芦丝、巴乌教程
    
 
作者: 郝益军 , 齐艳军 , 杨孟杰 编著
分册:  
出版信息: 济南   山东教育出版社  2012
页数: 196页
开本: 29cm
丛书名:
单 册:
中图分类: J632.19
科图分类:
主题词: 民族管乐器--吹奏法--中国--老年大学--教材 , 巴乌--吹奏法--老年大学--教材 , 民族管乐器 , 吹奏法 , 巴乌
电子资源:
ISBN: 978-7-5328-7141-4
000 01320nam0 2200325 450
001 2346641539
005 20231219125743.41
010    @a978-7-5328-7141-4@dCNY 36.00
090    @aJ632.1@bhyj
096    @aJ632.1@bhyj
100    @a20121015d2012 em y0chiy0120 ea
101 0  @achi
102    @aCN@b370000
105    @aag z 000yy
200 1  @a葫芦丝、巴乌教程@b专著@f郝益军,齐艳军,杨孟杰编著@Ahu lu si 、 ba wu jiao cheng
210    @a济南@c山东教育出版社@d2012
215    @a196页@c图,照片@d29cm
300    @a老年大学统编教材
330    @a全书共分四个部分:第一部分是葫芦丝、巴乌简介和演奏法,以及乐理小常识等;第二部分为基础练习、技巧练习,同时加入了重奏形式,使学习者不仅注重独奏的训练,还适当涉猎一点重奏的练习,以培养重奏中所需的音准、节奏、声部平衡、合作能力等;第三部分以流行歌曲和乐曲为主,注重可听性,易被各不同学习阶段的爱好者所接受;第四部分选用了近年来一些独奏曲的精品之作以及作者创作和改编的一些乐曲。
606 0  @a民族管乐器@x吹奏法@y中国@x老年大学@j教材
606 0  @a巴乌@x吹奏法@x老年大学@j教材
606 0  @a民族管乐器
606 0  @a吹奏法
606 0  @a巴乌
690    @aJ632.19@v5
701  0 @a郝益军@4编著@Ahao yi jun
701  0 @a齐艳军@4编著@Aqi yan jun
701  0 @a杨孟杰@f(1944.9~)@4编著@Ayang meng jie
801  2 @aCN@b辽宁北配@c20231205
905    @aBZT@dJ632.19@e5
    
    葫芦丝、巴乌教程/郝益军,齐艳军,杨孟杰编著.-济南:山东教育出版社,2012
    196页:图,照片;29cm
    老年大学统编教材
    
    ISBN 978-7-5328-7141-4:CNY 36.00
    全书共分四个部分:第一部分是葫芦丝、巴乌简介和演奏法,以及乐理小常识等;第二部分为基础练习、技巧练习,同时加入了重奏形式,使学习者不仅注重独奏的训练,还适当涉猎一点重奏的练习,以培养重奏中所需的音准、节奏、声部平衡、合作能力等;第三部分以流行歌曲和乐曲为主,注重可听性,易被各不同学习阶段的爱好者所接受;第四部分选用了近年来一些独奏曲的精品之作以及作者创作和改编的一些乐曲。
●
相关链接 在五车中查询图书 在当当中查询图书 在豆瓣中查询图书


正题名:葫芦丝、巴乌教程     索取号:J632.19/5         预约/预借

序号 登录号 条形码 馆藏地/架位号 状态 备注
1 2001660259   2001660259   516书库/ [索取号:J632.19/5] 在馆    
2 2001660260   2001660260   516书库/ [索取号:J632.19/5] 在馆    
3 2001660261   2001660261   516书库/ [索取号:J632.19/5] 在馆    
4 2001660262   2001660262   516书库/ [索取号:J632.19/5] 在馆    
5 2001660263   2001660263   516书库/ [索取号:J632.19/5] 在馆    
6 2001660264   2001660264   516书库/ [索取号:J632.19/5] 在馆    
7 2001660265   2001660265   516书库/ [索取号:J632.19/5] 在馆    
8 2001660266   2001660266   516书库/ [索取号:J632.19/5] 在馆    
9 2001660267   2001660267   516书库/ [索取号:J632.19/5] 在馆    
10 2001660268   2001660268   516书库/ [索取号:J632.19/5] 在馆    
11 2001660269   2001660269   516书库/ [索取号:J632.19/5] 在馆    
12 2001660270   2001660270   516书库/ [索取号:J632.19/5] 在馆    
13 2001660271   2001660271   516书库/ [索取号:J632.19/5] 在馆    
14 2001660272   2001660272   516书库/ [索取号:J632.19/5] 在馆    
15 2001660273   2001660273   516书库/ [索取号:J632.19/5] 在馆    
16 2001660274   2001660274   516书库/ [索取号:J632.19/5] 在馆    
17 2001660275   2001660275   516书库/ [索取号:J632.19/5] 在馆    
18 2001660276   2001660276   516书库/ [索取号:J632.19/5] 在馆    
19 2001660277   2001660277   516书库/ [索取号:J632.19/5] 在馆    
20 2001660278   2001660278   516书库/ [索取号:J632.19/5] 在馆    
21 2001660279   2001660279   516书库/ [索取号:J632.19/5] 在馆    
22 2001660280   2001660280   516书库/ [索取号:J632.19/5] 在馆    
23 2001660281   2001660281   516书库/ [索取号:J632.19/5] 在馆    
24 2001660282   2001660282   516书库/ [索取号:J632.19/5] 在馆    
25 2001660283   2001660283   516书库/ [索取号:J632.19/5] 在馆    
26 2001660284   2001660284   516书库/ [索取号:J632.19/5] 在馆    
27 2001660285   2001660285   516书库/ [索取号:J632.19/5] 在馆    
28 2001660286   2001660286   516书库/ [索取号:J632.19/5] 在馆    
29 2001660287   2001660287   516书库/ [索取号:J632.19/5] 在馆    
30 2001660288   2001660288   516书库/ [索取号:J632.19/5] 在馆    
山东省滨州职业学院图书馆 欢迎您!
大连网信软件有限公司© 版权所有